Super Bowl LII (Eagles vs. Patriots) Quiz Stats

 Plays Quiz Updated Feb 4, 2018

Score 0/26 Timer 07:00
2 Plays Today
Hint Answer % Correct
EaglesPhiladelphia
93.9%
PatriotsSuper Bowl LI (2017)
93.5%
Patriots5th
93.2%
Super Bowl LII$5 Million
93.2%
PatriotsTom Brady
92.9%
EaglesNick Foles
91.8%
PatriotsNew England
90.8%
Super Bowl LIISuper Bowl 52
89.6%
EaglesNFC East
88.1%
PatriotsAFC East
85.9%
Super Bowl LIIMinneapolis, Minnesota
84.6%
Eagles4th
84.3%
Super Bowl LIINBC
82.4%
Hint Answer % Correct
EaglesSuper Bowl XXXIX (2005)
80.4%
Super Bowl LIIJustin Timberlake
78.8%
PatriotsRobert Kraft
77.2%
PatriotsGillette Stadium
74.9%
Super Bowl LIIFebruary 4th, 2018
74.6%
EaglesDonovan McNabb
73.8%
PatriotsBill Belichick
73%
EaglesDoug Pederson
72.4%
PatriotsMalcolm Butler
65.7%
Super Bowl LIIP!nk
57.4%
EaglesLincoln Financial Field
56.3%
Super Bowl LIIUS Bank Stadium
42.8%
EaglesJeffrey Lurie
41.9%

You're not logged in!

Compare scores with friends on all Sporcle quizzes.
OR
Log In

Sporcle TV

Today on Sporcle TV


Watch our educational content, quiz creation guides, and fun videos on Sporcle TV.

Show Comments

Extras

Top Quizzes Today


Score Distribution

Your Account Isn't Verified!

In order to create a playlist on Sporcle, you need to verify the email address you used during registration. Go to your Sporcle Settings to finish the process.

Report this User

Report this user for behavior that violates our Community Guidelines.

Details: